| 000 | 00367 a2200169 4500 | ||
|---|---|---|---|
| 001 | 190690 | ||
| 020 | _a978-85-01-08243-5 | ||
| 040 | _cMagnum | ||
| 100 | _aBerry, Steve | ||
| 240 | 1 | 0 |
_aOs senhores do arco _lpor |
| 245 | 1 | 0 | _aOs senhores do arco |
| 300 | _a418 | ||
| 362 | 0 | _a2009 | |
| 440 | 1 | _aRecord | |
| 697 | _aLITERATURA GERAL ESTRANGEIRA | ||
| 942 | _cBK | ||
| 999 |
_c190690 _d190690 |
||